Modelovanie biznis procesov s využitím systému ARIS analýza a návrh biznis procesov
Saved in:
| Main Author: | |
|---|---|
| Corporate Author: | |
| Other Authors: | , |
| Format: | Book |
| Language: | Slovak |
| Published: |
Bratislava
Vydavateľstvo EKONÓM
2010
|
| Subjects: | |
| Tags: |
No Tags, Be the first to tag this record!
|
MARC
| LEADER | 00000nam a2200000 4500 | ||
|---|---|---|---|
| 001 | 0118215 | ||
| 005 | 20240507111617.6 | ||
| 020 | |a 978-80-225-2971-6 | ||
| 041 | 0 | |a slo | |
| 044 | |a SK | ||
| 245 | 1 | 0 | |a Modelovanie biznis procesov s využitím systému ARIS |b analýza a návrh biznis procesov |c Jozef Stašák |
| 264 | 1 | |a Bratislava |b Vydavateľstvo EKONÓM |c 2010 | |
| 300 | |a 252 s. [14,087 AH] | ||
| 610 | 2 | 0 | |a modelovanie systémov riadiacich |
| 610 | 2 | 0 | |a podnikanie |
| 610 | 2 | 0 | |a systémy riadenia |
| 610 | 2 | 0 | |a softvér |
| 610 | 2 | 0 | |a kontroling |
| 610 | 2 | 0 | |a kontroling procesný |
| 100 | 1 | |a Stašák, Jozef | |
| 700 | 1 | |a Šamudovský, Dušan | |
| 700 | 1 | |a Kastl, Daniel | |
| 710 | 2 | |a Ekonomická univerzita v Bratislave. Fakulta hospodárskej informatiky | |